Loading...
| Social Science | 1 | 4 | 0 | 2 | 55 | 52 | 102.20 | 1 | 3 | 8.47 | 15.97 |
| Literature - Long Fiction | 0 | 5 | 0 | 1 | 50 | 86 | 111.80 | 0 | 4 | 11.74 | 30.61 |
| Fine Arts - Painting and Sculpture | 1 | 3 | 0 | 0 | 45 | 66 | 94.50 | 0 | 2 | 14.21 | 20.78 |
| Philosophy | 1 | 3 | 0 | 0 | 45 | 82 | 91.75 | 1 | 4 | 13.30 | 27.27 |
| Literature - Poetry | 1 | 2 | 0 | 0 | 35 | 55 | 90.00 | 1 | 3 | 11.43 | 22.08 |
| History - World | 0 | 4 | 1 | 2 | 35 | 103 | 124.75 | 0 | 1 | 3.60 | 16.07 |
| Literature - Drama | 1 | 2 | 0 | 0 | 35 | 24 | 82.00 | 1 | 2 | 17.95 | 26.79 |
| Religion | 1 | 2 | 0 | 0 | 35 | 93 | 95.33 | 1 | 2 | 10.85 | 26.98 |
| Mythology | 0 | 3 | 0 | 0 | 30 | 132 | 135.67 | 0 | 2 | 1.73 | 17.86 |
| History - European | 1 | 2 | 1 | 0 | 30 | 68 | 82.00 | 0 | 1 | 12.42 | 10.39 |
| History - Other | 0 | 3 | 0 | 0 | 30 | 74 | 96.67 | 0 | 0 | 19.12 | 30.61 |
| Science - Biology | 1 | 1 | 0 | 1 | 25 | 72 | 98.00 | 0 | 2 | 4.28 | 9.09 |
| Other Academic | 0 | 2 | 0 | 0 | 20 | 94 | 100.50 | 0 | 1 | 5.49 | 9.09 |
| Fine Arts - Other | 1 | 0 | 0 | 0 | 15 | 66 | 66.00 | 0 | 1 | 3.24 | 5.36 |
| Short Fiction and Other | 0 | 1 | 0 | 0 | 10 | 109 | 109.00 | 0 | 0 | 3.04 | 7.14 |
| Geography | 0 | 0 | 0 | 0 | 0 | 0.00 | 0 | 0 | 0.00 | 0.00 | |
| Science - Physics | 0 | 0 | 1 | 0 | -5 | 0.00 | 0 | 0 | 0.00 | 0.00 | |
| History - American | 0 | 0 | 1 | 0 | -5 | 0.00 | 0 | 0 | 0.00 | 0.00 |